Datum a čas kvízu
43.5
Celkem bodů
Celkový počet nahraných bodů na tomto kvízu bez doplňovacích otázek.
1.
Pořadí na kvízu
Konečné umístění týmu na tomto kvízu.
Zaznamenané odpovědi
| # | Otázka | Odpověď | Body | Výsledky |
|---|---|---|---|---|
| 1. | Která moravská zoologická zahr... | ZOO Olomouc | 1 | |
| 2. | Dva zkušení borci, 66letý Joha... | traktory | 1 | |
| 3. | Jako recesi se senátor Lumír A... | Karla Gotta | 1 | |
| 4. | Nizozemská firma Organoid Comp... | C) Tyrannosaura rexe | 1 | |
| 5. | Ve středu bylo zahájeno mistro... | Bratislava; Trenčín | 1 | |
| 6. | Vědci v minulosti několikrát t... | D) kofein | 0 | |
| 7. | Světová zdravotnická organizac... | o Rumunsko | 1 | |
| 8. | V červenci 2025 Senát schválil... | 3 (2 a 4 za půl bodu) | 1 | |
| 9. | Na které z fotografií se nachá... | A) | 0 | |
| 10. | Velení wehrmachtu si před začá... | pervitin | 1 |